El turismo en la provincia de Madrid / (Record no. 39870)

MARC details
000 -LEADER
campo de control de longitud fija 00600nam a2200169 i 4500
001 - NÚMERO DE CONTROL
campo de control 39870
003 - IDENTIFICADOR DE NÚMERO DE CONTROL
campo de control ES-MaACL
007 - CAMPO FIJO DE DESCRIPCIÓN FÍSICA--INFORMACIÓN GENERAL
campo de control de longitud fija t|
008 - DATOS DE LONGITUD FIJA--INFORMACIÓN GENERAL
campo de control de longitud fija 030304s1958 sp ||||1| spa d
100 1# - ENTRADA PRINCIPAL--NOMBRE DE PERSONA
Nombre de persona Canto Téllez, Antonio.
9 (RLIN) 34680
245 13 - MENCIÓN DEL TÍTULO
Título El turismo en la provincia de Madrid /
Mención de responsabilidad, etc. Antonio Cantó Téllez ; prólogo y comentarios de las fotografías de Antonio Gullón Walker.
250 ## - MENCION DE EDICION
Mención de edición 2º ed. corr. y aum.
260 ## - PUBLICACIÓN, DISTRIBUCIÓN, ETC.
Lugar de publicación, distribución, etc. Madrid :
Nombre del editor, distribuidor, etc. [s.n.,
Fecha de publicación, distribución, etc. 1958] (
Fabricante Estades Artes Gráf.)
300 ## - DESCRIPCIÓN FÍSICA
Extensión 501 p., 65 lám. ;
Dimensiones 24 cm.
700 1# - ENTRADA AGREGADA--NOMBRE PERSONAL
Nombre de persona Gullón Walker, Antonio.
9 (RLIN) 60941
852 ## - LOCALIZACIÓN
Ubicación ES-MaACL
Número de control de estantería E-5757
Sublocalización o colección R.90057
Holdings
Estatus retirado Estado de pérdida Estado de daño No para préstamo Biblioteca de origen Biblioteca actual Ubicación en estantería Fecha de adquisición Fuente de adquisición Total de préstamos Signatura topográfica completa Código de barras Visto por última vez Precio de reemplazo Tipo de ítem Koha
        Biblioteca del Ateneo de Madrid Biblioteca del Ateneo de Madrid Depósito 2 17/01/2008     E-5757 1041983 23/02/2023 23/02/2023 Libro impreso